<?xml version="1.0" encoding="UTF-8"?>
<collection xmlns="http://www.loc.gov/MARC21/slim">
 <record>
  <leader>01701nam a2200277 a 4500</leader>
  <controlfield tag="001">1/48910</controlfield>
  <controlfield tag="008">190611s2015    gr  a         00010 gre  </controlfield>
  <datafield tag="020" ind1=" " ind2=" ">
   <subfield code="a">9789604991341</subfield>
  </datafield>
  <datafield tag="035" ind1=" " ind2=" ">
   <subfield code="l">51908</subfield>
  </datafield>
  <datafield tag="040" ind1=" " ind2=" ">
   <subfield code="a">GR-PeUP</subfield>
  </datafield>
  <datafield tag="082" ind1="0" ind2="0">
   <subfield code="a">371.828297094957 ΠΡΟ</subfield>
  </datafield>
  <datafield tag="245" ind1="0" ind2="0">
   <subfield code="a">Προσεχώς εμείς μεγαλώνουμε :</subfield>
   <subfield code="b">μαρτυρίες εκπαιδευτικών για τη διδασκαλία της λογοτεχνίας στο πλαίσιο του Προγράμματος Εκπαίδευσης Μουσουλμανοπαίδων /</subfield>
   <subfield code="c">επιμέλεια Χρήστος Δανιήλ και Ελένη Χοντολίδου ; εισαγωγή Άννα Φραγκουδάκη και Θάλεια Δραγώνα.</subfield>
  </datafield>
  <datafield tag="260" ind1="0" ind2=" ">
   <subfield code="a">Αθήνα :</subfield>
   <subfield code="b">Τόπος,</subfield>
   <subfield code="c">2015.</subfield>
  </datafield>
  <datafield tag="300" ind1=" " ind2=" ">
   <subfield code="a">220 σ. :</subfield>
   <subfield code="b">εικ., χάρτης, φωτογραφίες ;</subfield>
   <subfield code="c">23 εκ.</subfield>
  </datafield>
  <datafield tag="490" ind1="1" ind2=" ">
   <subfield code="a">Εκπαίδευση - Μαρτυρίες ;</subfield>
  </datafield>
  <datafield tag="650" ind1=" " ind2="4">
   <subfield code="a">Μουσουλμάνοι στην Ελλάδα</subfield>
   <subfield code="x">Εκπαίδευση.</subfield>
  </datafield>
  <datafield tag="650" ind1=" " ind2="4">
   <subfield code="a">Λογοτεχνία</subfield>
   <subfield code="x">Σπουδή και διδασκαλία</subfield>
   <subfield code="z">Ελλάδα</subfield>
   <subfield code="z">Θράκη.</subfield>
  </datafield>
  <datafield tag="650" ind1=" " ind2="4">
   <subfield code="a">Minorities</subfield>
   <subfield code="x">Education</subfield>
   <subfield code="z">Greece</subfield>
   <subfield code="z">Thrace, Western.</subfield>
  </datafield>
  <datafield tag="650" ind1=" " ind2="4">
   <subfield code="a">Greek literature</subfield>
   <subfield code="x">Study and teaching.</subfield>
  </datafield>
  <datafield tag="650" ind1=" " ind2="4">
   <subfield code="a">Educational change</subfield>
   <subfield code="z">Greece</subfield>
   <subfield code="z">Thrace, Western.</subfield>
  </datafield>
  <datafield tag="700" ind1="1" ind2=" ">
   <subfield code="a">Δανιήλ, Χρήστος,</subfield>
   <subfield code="d">1969-</subfield>
  </datafield>
  <datafield tag="700" ind1="1" ind2=" ">
   <subfield code="a">Χοντολίδου, Ελένη.</subfield>
  </datafield>
  <datafield tag="700" ind1="1" ind2=" ">
   <subfield code="a">Φραγκουδάκη, Άννα.</subfield>
  </datafield>
  <datafield tag="700" ind1="1" ind2=" ">
   <subfield code="a">Δραγώνα, Θάλεια Γ.</subfield>
  </datafield>
  <datafield tag="830" ind1=" " ind2=" ">
   <subfield code="a">Εκπαίδευση - Μαρτυρίες.</subfield>
  </datafield>
  <datafield tag="852" ind1=" " ind2=" ">
   <subfield code="a">INST</subfield>
   <subfield code="b">UNIPILB</subfield>
   <subfield code="c">MAIN</subfield>
   <subfield code="e">20200922</subfield>
   <subfield code="h">371.828297094957 ΠΡΟ</subfield>
   <subfield code="p">00181546</subfield>
   <subfield code="q">00181546</subfield>
   <subfield code="t">LOAN</subfield>
   <subfield code="y">0</subfield>
   <subfield code="4">1</subfield>
  </datafield>
 </record>
</collection>
